| 000 | 00573cam a2200193 a 4500 | ||
|---|---|---|---|
| 001 | 000017658 | ||
| 003 | UkOxU | ||
| 005 | 20200929165203.0 | ||
| 008 | 880808m19671957xx 000 f spa d | ||
| 040 |
_aDO-SdBNP _bspa _dBNPHU |
||
| 082 |
_a863.64 _bA284d, 1967 |
||
| 100 | 1 |
_aAgustí, Ignacio, _d1913-1974. _938145 |
|
| 245 | 1 | 0 |
_aLa ceniz fue árbol : _bDesiderio, novela / _cIgnacio Agustí. |
| 250 | _a6a ed. | ||
| 260 |
_aBarcelona : _bPlaneta, _c1967. |
||
| 300 |
_a572 p. ; _c22 cm. |
||
| 650 | 4 |
_aNovela española _91123 |
|
| 650 | 4 |
_aLiteratura española _ySIGLO XX _93326 |
|
| 999 |
_c17183 _d17183 |
||